000 00739nam a2200241 a 4500
001 000044170
003 DO-SdBPM
005 20250819132312.0
007 000044170
008 140603s2003 dr 000 0 spa d
040 _aDO-SdBPM
_bspa
_cBPMSU
082 4 _aRD862.44
_bR789b
_222
100 1 _aRosario L. , Nereyda, del
_d1922-
245 1 3 _aEl barquito /
_cNereyda del Rosario L. ; prólogo Luis pérez Casanova.
260 _aSanto Domingo :
_bDGIL,
_c2003
300 _a82 p. :
_bil. ;
_c22 cm.
590 _aInventariado, 2025/VM
650 4 _aTeatro infantil dominicano
650 4 _aLiteratura infantil dominicana
700 1 _apérez Casanova, Luis
_eprólogo
910 _aVMateo V. Control de calidad BPMSU
942 _2ddc
_cBK
999 _c7241
_d7241